| 000 | 00715cab a2200205 4500 | ||
|---|---|---|---|
| 001 | WB3435-27 | ||
| 008 | 090401t1998 xxu||||| |||| 00| 0 eng d | ||
| 035 | _a(Sirsi) u88496 | ||
| 041 | _aeng | ||
| 245 | _aPalmer moves into venture capital | ||
| 260 | _c1998 | ||
| 350 | _a0 | ||
| 490 |
_aEstates Gazette _v(9837) 12 September 1998, 55(1) |
||
| 520 | _aA new venture capital company specialising in property has been launched by the former head of Lambert Smith Hampton and a senior lawyer from the disbanded firm of Frere Cholmeley Bischoff. | ||
| 650 | _aPALMER CAPITAL PARTNERS | ||
| 650 | _aVENTURE CAPITAL | ||
| 690 | _aPROPERTY-PROPERTY FINANCE AND INVESTMENT | ||
| 942 | _n0 | ||
| 948 | _c15/09/1998 | ||
| 999 |
_c55914 _d55914 |
||